000 00328 a2200157 4500
001 158653
020 _a
040 _cMagnum
100 _a-
240 1 0 _aEnciclopedia seculo xx/v.11
_lpor
245 1 0 _aEnciclopedia seculo xx/v.11
362 0 _a1899
440 1 _aJosé Olympio
697 _aENCICLOPEDIAS
942 _cBK
999 _c158653
_d158653